| 000 | 00735nam a2200229 i 4500 | ||
|---|---|---|---|
| 001 | 173193 | ||
| 003 | ES-MaACL | ||
| 005 | 20250808062829.0 | ||
| 007 | t| | ||
| 008 | 091116s2005 sp ||||1| spa d | ||
| 020 | _a84-7914-759-8 | ||
| 080 | _a232 | ||
| 100 | 1 |
_aGonzález de Cardedal, Olegario. _958532 |
|
| 245 | 1 | 0 |
_aFundamentos de cristología. _nI, _pEl camino / _cOlegario González de Cardedal. |
| 260 |
_aMadrid : _bBiblioteca de Autores Cristianos, _c2005. |
||
| 300 |
_aLXIII, 761 p. ; _c20 cm. |
||
| 490 | 1 |
_aBiblioteca de autores cristianos ; _v651 |
|
| 650 | 1 | 4 |
_aCristología. _911443 |
| 830 | 0 | 0 |
_aBiblioteca de autores cristianos _v651 _9178679 |
| 852 |
_aES-MaACL _jJ-638 _9R.135824 |
||
| 999 |
_c173193 _d173193 |
||